00900nam a22002177a 4500003000400000005001700004008004100021020001500062040000900077100004400086245015200130260005600282300001100338500004500349500006500394600006200459700003900521942001300560999001500573952009400588OSt20131008141424.0130613s2000 mx ||||| |||| 00| 0 spa d a9686255265 cCDMR1 93758aFerran de Pol, Lluísd1911-199513aUn periodista catalán en el exiliob: Ferran de Pol en El Nacionalc[Ferran de Pol] ; introducción y selección de Josep-Vicent Garcia i Raffi aZapopan (Jalisco)bD.R. El Colegio de Jaliscoc2000 a166 p. aA la coberta: Ajuntament d'Arenys de Mar aAntologia d'articles publicats a El Nacional, diari mexicà1 93758aFerran de Pol, Lluísd1911-1995vRecull d'escrits1 93759aGarcia i Raffi, Josep-Vicent 2udccMON c6453d6453 00104070aCDMRbCDMRd2013-01-16l0oDu 6/61pCDMR13066680r2013-06-13w2013-06-13yMON